01350nam a2200241Ia 4500001000600000003000900006008004100015040001300056040001300069041001300082100001900095100002900114245003600143245003600179250001100215260001900226260001500245260004900260300004300309500069600352650002901048650003101077E8455IT-RoPAU130308s9999 xx 000 0 und d aIT-RoPAU cIT-RoPAU aITALIANO aMacconi Chiara gCodice Aut. SPICS: 4387 aNostro giornale quotidiano (Il) bNostro giornale quotidiano (Il) a1a ed. aTORINO/LEUMANN bElle Di Ci c1981 [1° Ed.:1981 - Ed.Ling.Originale:1981] a"164 p. (prefazione: no ; testo: 164)" aCosa è Il giornale e Sue Funzioni. Riproduzione e Diffusione della Notizia: Articolazione del Messaggio, Fonti delle Notizie, Titolazione, Impaginazione, Diversificazione delle Pagine, Redazione, sistemi di Stampa, Pubblicità. brevi cenni di Storia del Giornalismo: Cometa Gutenberg, Giornalismo Moderno, Stampa Periodica e Rotocalco, Controinformazione e Informazione Alternativa, Stampa Locale, Stampa femminile e Femminista, Stampa Sportiva, Stampa per Ragazzi. giornale a Scuola: Obiettivi e Contenuti, Metodo, Funzione del giornale nel suo Uso Scolastico. Esempi di Lettura: Viaggio del Papa in Francia (30 maggio 3 Giugno 1980), Elezioni Presidenziali Americane (6Novembre 1980). aLINGUAGGIO GIORNALISTICO eCodice materia Spics: 7054